LEADER 02080nam 2200577 450 001 9910480045203321 005 20170816143326.0 010 $a1-4704-0697-7 035 $a(CKB)3360000000464471 035 $a(EBL)3113598 035 $a(SSID)ssj0000889194 035 $a(PQKBManifestationID)11493928 035 $a(PQKBTitleCode)TC0000889194 035 $a(PQKBWorkID)10875645 035 $a(PQKB)10141170 035 $a(MiAaPQ)EBC3113598 035 $a(PPN)195411692 035 $a(EXLCZ)993360000000464471 100 $a19830829h19831983 uy| 0 101 0 $aeng 135 $aur|n|---||||| 181 $ctxt 182 $cc 183 $acr 200 10$aR-linear endomorphisms of (R)[subscript n] preserving invariants /$fBernard R. McDonald 210 1$aProvidence, R.I., USA :$cAmerican Mathematical Society,$d[1983] 210 4$d©1983 215 $a1 online resource (73 p.) 225 1 $aMemoirs of the American Mathematical Society,$x0065-9266 ;$vvolume 46, number 287 (November 1983) 300 $a"November 1983." 311 $a0-8218-2287-X 320 $aIncludes bibliographical references. 327 $a""CONTENTS""; ""(A) INTRODUCTION""; ""(B) IDEMPOTENTS AND LINEAR MAPS OF (R)[sub(n)]""; ""(C) EQUIVALENCE TRANSFORMATIONS AND INVOLUTIONS""; ""(D) INVERTIBLE SUBMODULES OF (R)[sub(n)] AND EQUIVALENCE TRANSFORMATIONS""; ""(E) RANK ONE ENDOMORPHISMS""; ""(F) THE LOCAL CASE""; ""(G) THE GLOBAL CASE""; ""(H) APPLICATIONS""; ""REFERENCES"" 410 0$aMemoirs of the American Mathematical Society ;$vnumber 287. 606 $aMatrix rings 606 $aCommutative rings 606 $aInvariants 608 $aElectronic books. 615 0$aMatrix rings. 615 0$aCommutative rings. 615 0$aInvariants. 676 $a510 s 676 $a512/.5 700 $aMcDonald$b Bernard R.$042261 801 0$bMiAaPQ 801 1$bMiAaPQ 801 2$bMiAaPQ 906 $aBOOK 912 $a9910480045203321 996 $aR-linear endomorphisms of (R) preserving invariants$92290692 997 $aUNINA LEADER 00985nam a2200253 i 4500 001 991000121649707536 008 090312s2008 it 000 0 ita d 020 $a9788846497222 035 $ab13816779-39ule_inst 040 $aFacoltą SSPT$bita 082 0 $a158.24 245 00$aDifendere i legami familiari :$bstorie di conflitti e interventi /$ca cura di Diego Bissacco e Paola Dallanegra ; presentazione di Emilio Fava 260 $aMilano :$bF. Angeli,$cc2008 300 $a190 p. ;$c23 cm 440 0$aPolitiche e servizi sociali ;$v246 650 4$aFamiglia$xPsicologia 700 1 $aDallanegra, Paola 700 1 $aBissacco, Diego$d<1953- > 907 $a.b13816779$b02-04-14$c12-03-09 912 $a991000121649707536 945 $aLE021 158.24 BIS01.01$g1$i2020000012139$lle021$op$pE17.00$q-$rn$s- $t0$u1$v0$w1$x0$y.i14983400$z17-06-09 996 $aDifendere i legami familiari$91225560 997 $aUNISALENTO 998 $ale020$b12-03-09$cm$da $e-$fita$git $h0$i0